00395 2200157 4500001002100000008004100021035002000062245005100082100001700133250000600150260003300156084001400189082000800203650001400211990001200225INLIS000000000001548 ind  a0010-0125000046 aPengolahan Suara Dengan AvdacitycEfisitek.com aEfisitek.com a1 aBandung :bYrama Widyac2006 a600 EFI p a600 aNon Fiksi a0715297